000 00316nam a2200133Ia 4500
008 220923s9999 xx 000 0 und d
082 _bBAR
100 _aBARE ACT
245 4 _aTHE FACTORIES ACT 1948
260 _bUNIVERSAL LAW PUBLISHING, DELHI
_c2021
300 _a75
650 _aFactories Act
942 _cBK
999 _c198494
_d198494